Hannah Arendt: una biografía
Gespeichert in:
| 1. Verfasser: | |
|---|---|
| Format: | Buch |
| Sprache: | Spanisch |
| Veröffentlicht: |
Barcelona
Paidós
2006
|
| Schriftenreihe: | Testimonios
|
| Schlagworte: | |
| Tags: |
Tag hinzufügen
Keine Tags, Fügen Sie den ersten Tag hinzu!
|
MARC
| LEADER | 00000nam a2200000 a 4500 | ||
|---|---|---|---|
| 001 | UCI7045 | ||
| 003 | CL-VaPUC | ||
| 008 | 080605e20060000SP |||||||||||||||||spa|d | ||
| 020 | |a 8449319331 | ||
| 082 | 0 | 4 | |a 923.2 |b YOU |2 21 |
| 100 | 0 | |a Young-Bruehl, Elisabeth |e author |9 530151 | |
| 245 | 1 | 0 | |a Hannah Arendt: una biografía |
| 300 | |a 630 p | ||
| 942 | |c BK | ||
| 945 | |d 20080605 00:00:00 |a jtorresc | ||
| 260 | |a Barcelona |b Paidós |c 2006 | ||
| 600 | 0 | 7 | |a ARENDT, HANNAH |2 CL-VaPUC |9 376197 |
| 650 | 0 | |a Biografías |9 255210 | |
| 583 | |a last modification |c 20080605 00:00:00 |k Rodrigo Vera | ||
| 490 | 0 | |a Testimonios | |
| 999 | |c 330444 |d 330442 | ||
| 952 | |0 0 |1 0 |4 0 |6 923_200000000000000_YOU_2006 |7 0 |8 R |9 415988 |a BIBEDU |b BIBEDU |c MCIRC |d 2019-11-22 |i 4446569 |o 923.2 YOU 2006 |p 4446569 |r 2023-01-13 |w 2019-11-22 |y BK_R |k FIL | ||